Cristología fundamental / (Record n. 1473)

Dettagli MARC
000 -LEADER
fixed length control field 00745nam a2200241 i 4500
003 - CONTROL NUMBER IDENTIFIER
control field IT-RoINE
005 - DATE AND TIME OF LATEST TRANSACTION
control field 20201113110726.0
008 - FIXED-LENGTH DATA ELEMENTS--GENERAL INFORMATION
fixed length control field 131018s1985 r d
020 ## - INTERNATIONAL STANDARD BOOK NUMBER
International Standard Book Number 8439852398
040 ## - CATALOGING SOURCE
Original cataloging agency BAG
Transcribing agency IT-RoINE
100 1# - MAIN ENTRY--PERSONAL NAME
9 (RLIN) 2829
Personal name Sayés, José Antonio,
Dates associated with a name 1944-
245 10 - TITLE STATEMENT
Title Cristología fundamental /
Statement of responsibility, etc por José Antonio Sayes.
260 ## - PUBLICATION, DISTRIBUTION, ETC. (IMPRINT)
Place of publication, distribution, etc Madrid :
Name of publisher, distributor, etc Centro de estudios de teología espiritual,
Date of publication, distribution, etc 1985.
300 ## - PHYSICAL DESCRIPTION
Extent 392 p. ;
Dimensions 19 cm.
336 ## - CONTENT TYPE
Source rdacontent
Content type term text
337 ## - MEDIA TYPE
Source rdamedia
Media type term unmediated
338 ## - CARRIER TYPE
Source rdacarrier
Carrier type term volume
490 1# - SERIES STATEMENT
Series statement Pensamiento católico ;
Volume number/sequential designation 8
650 04 - SUBJECT ADDED ENTRY--TOPICAL TERM
9 (RLIN) 1325
Topical term or geographic name as entry element Teología dogmática
650 04 - SUBJECT ADDED ENTRY--TOPICAL TERM
9 (RLIN) 1495
Topical term or geographic name as entry element Cristología
830 #0 - SERIES ADDED ENTRY--UNIFORM TITLE
9 (RLIN) 2660
Uniform title Pensamiento católico ;
Volume number/sequential designation 8
942 ## - ADDED ENTRY ELEMENTS (KOHA)
Item type Monografías
Dati di copia
Withdrawn status Lost status Damaged status Not for loan Home library Current library Date acquired Total Checkouts Full call number Barcode Date last seen Price effective from Koha item type
        Iglesia Nacional Española en Roma Iglesia Nacional Española en Roma 13/01/2014   TEO 290 1699 13/01/2014 13/01/2014 Monografías